00804nam a22002177a 4500010001300000020001100013035001300024037001800037040001200055082001800067100002100085245014500106260004400251270004700295300002200342650001700364650002000381942002700401999001900428952013900447 aA-945691 c195.00 aA-945691 bCen Lib / Ret aDPLbEN a581.0287bSUN aS. Sundara Rajan aPractical manual of college botany :bmicrobiology plant pathology, mycology, phycology, bryophytes and plant anatomy /cby S. Sundara Rajan aMumbaibHimalaya Publishing Housec1999 aDr. Bhalerao Marg, GirgaonbMumbaie400004 a122p ; c27cm(Hb) aMicrobiology aPlant Pathology 2ddccENh581.0287mSUN c136981d136981 00102ddc3v 14070aLbLd2016-03-14eCen Lib/Retg195.00l0o581.0287 SUNpA-945691r2016-03-14 00:00:00t1v195.00w2016-03-14yEN